| 000 | 00469nam a2200181Ia 4500 | ||
|---|---|---|---|
| 005 | 20250423094443.0 | ||
| 008 | 250422s9999 xx 000 0 und d | ||
| 020 | _a9789386372680 | ||
| 050 | _aTP 691 .A37/ | ||
| 100 | _aPrajapathi, Tilak Ram | ||
| 245 | 0 | _aAnalysis of crude oil and its petroleum products | |
| 260 | _aNew Delhi | ||
| 260 | _bRandom Publications | ||
| 260 | _c2018 | ||
| 300 | _a283 p | ||
| 650 | _aPetroleum products--Analysis. | ||
| 942 | _cBK | ||
| 999 |
_c27285 _d27285 |
||